| 000 | 01032nac a22003017a 4500 | ||
|---|---|---|---|
| 001 | BR9100140 | ||
| 003 | BR-BrBNA | ||
| 005 | 20240105121136.0 | ||
| 008 | 230509b bl.|||m| |||| 00| 0 por d | ||
| 040 |
_aBR-BrBNA _bpor _cBiblioteca Nacional de Agricultura |
||
| 072 | _aH20 | ||
| 090 | _a1410 BR9100140 | ||
| 100 | 1 | _aCampos, I.S. | |
| 100 | 1 | _aPaz, F. das C.A. | |
| 100 | 1 | _aGomes, T.C. de A. | |
| 110 | 1 |
_aUnidade de Execucao de Pesquisa de Ambito Estadual de Rio Branco, AC (Brasil) _910376 |
|
| 245 | 1 | _aEfeito dos restos culturais do arroz sobre a ocorrencia da mela e producao de feijao em Rio Branco, Acre | |
| 260 | 3 |
_aRio Branco, AC (Brasil): _c1988. |
|
| 300 | _a6 p. | ||
| 490 |
_aPesquisa em Andamento - Unidade de Execucao de Pesquisa de Ambito Estadual de Rio Branco (Brazil) _vno. 61 _xISSN 0101-6075 |
||
| 650 | _aFEIJAO | ||
| 650 | _aMELA | ||
| 650 | _aADUBO VERDE | ||
| 650 | _aCONTROLE CULTURAL | ||
| 650 | _aACRE | ||
| 909 |
_a202312 _bLúcia Elande _c55 _dLúcia Elande |
||
| 942 |
_2AGRIS _n0 _cMS |
||
| 999 |
_c283545 _d283545 |
||